000 00872cam a22002897a 4500
003 CHAP
005 20220329135718.0
008 971013s r 00010 d
010 _a40961
011 _a41933
035 _a46059
040 _cCHAP
090 _aR-2165
100 0 0 _aFokkema, N. J.
_942004
245 1 4 _aThe effect of fungicides on the microbial balance in the phyllosphere
500 _aSobretiro de : EPPO Bull. 11(3):303-310 (1981)
590 _aBATCH-UPD
_b10
_c20130110
_lUCH01
_h1328
590 _aBATCH-UPD
_b10
_c20130410
_lUCH01
_h0835
590 _aBATCH-UPD
_b10
_c20130914
_lUCH01
_h1451
590 _aCONVERSION
_b10
_c20130109
_lUCH01
_h1323
650 1 4 _aFungicidas.
_944044
650 1 4 _aHongos parĂ¡sitos.
_956135
700 0 _aNooij, M. P.
_981643
901 _aBK
942 _cREIMP
949 _aR-2165
_bBC
_cR
_d-105031
_eTS1
_i46059
_si
999 _c40961
_d40961